Central Library and Information Centre
Sibsagar Girls' College, Sivasagar : Assam

INTEGAL CALCULUS (Record no. 13154)

MARC details
000 -LEADER
fixed length control field 00366cam a2200157ua 4500
008 - FIXED-LENGTH DATA ELEMENTS--GENERAL INFORMATION
fixed length control field 141203n2001 II |||gr||||Z||||||eng
040 ## - CATALOGING SOURCE
Original cataloging agency MAIN
041 ## - LANGUAGE CODE
-- English
082 ## - DEWEY DECIMAL CLASSIFICATION NUMBER
Classification number 515.4 DHA
100 ## - MAIN ENTRY--PERSONAL NAME
Personal name DHANI, H.S .
245 ## - TITLE STATEMENT
Title INTEGAL CALCULUS
260 ## - PUBLICATION, DISTRIBUTION, ETC.
Place of publication, distribution, etc. NEW DELHI
Name of publisher, distributor, etc. NEW AGE INTERNATIONAL LTD.
Date of publication, distribution, etc. 2001
300 ## - PHYSICAL DESCRIPTION
Extent 333.:
Dimensions 22CM.
942 ## - ADDED ENTRY ELEMENTS (KOHA)
Koha item type Books
Holdings
Withdrawn status Lost status Damaged status Not for loan Collection code Home library Current library Shelving location Date acquired Full call number Barcode Date last seen Copy number Price effective from Koha item type Public note
        TBMAT Central Library and Information Centre Sibsagar Girls College Central Library and Information Centre Sibsagar Girls College MATHEMATICS BOOK RACK 08.04.2007 515.4 DHA 22103 27.02.2020 1 27.02.2020 Books V
        TBMAT Central Library and Information Centre Sibsagar Girls College Central Library and Information Centre Sibsagar Girls College MATHEMATICS BOOK RACK 08.04.2007 515.4 DHA 22104 27.02.2020 2 27.02.2020 Books V


Sibsagar Girl's College © 2020. All rights reserved.
Powered by Koha.
Maintained by Abhijit Borpuzari.